Mapy 10 największych państw w historii - Statystyki

Ogólne statystyki
  • Ten quiz został rozwiązany 34 razy
  • Średni wynik to 6 z 10
Statystyki odpowiedzi
Obrazkowy Odpowiedź % Poprawnych
Związek Radziecki / ZSRR
91%
Rosja
88%
Chiny / Cesarstwo Qing
84%
Brytyjskie Imperium Kolonialne / Imperium Brytyjskie
75%
Wielki Ułus Mongołów / Imperium Mongolskie
69%
Hiszpańskie Imperium Kolonialne / Imperium Hiszpańskie
66%
Francuskie Imperium Kolonialne / Imperium Francuskie
63%
Imperium Rosyjskie
50%
Kalifat Abbasydów
22%
Kalifat Umajjadów
19%
Nie znaleziono quizów pasujących do podanych kryteriów
Rozkład punktacji
Procent ludzi z każdym wynikiem
Percentyl według liczby udzielonych odpowiedzi
Twoja historia wyników
Nie rozwiązałeś tego quizu